header

Lyndon B. Johnson / (Record no. 250366)

MARC details
000 -LEADER
fixed length control field 01340cam a2200325 a 4500
001 - CONTROL NUMBER
control field 15963799
003 - CONTROL NUMBER IDENTIFIER
control field OSt
005 - DATE AND TIME OF LATEST TRANSACTION
control field 20151009095821.0
008 - FIXED-LENGTH DATA ELEMENTS--GENERAL INFORMATION
fixed length control field 091028s2010 nyu b 001 0beng
010 ## - LIBRARY OF CONGRESS CONTROL NUMBER
LC control number 2009045612
020 ## - INTERNATIONAL STANDARD BOOK NUMBER
International Standard Book Number 9780805082395
040 ## - CATALOGING SOURCE
Original cataloging agency DLC
Transcribing agency DLC
Modifying agency DLC
043 ## - GEOGRAPHIC AREA CODE
Geographic area code n-us---
050 00 - LIBRARY OF CONGRESS CALL NUMBER
Classification number E847
Item number .P48 2010
082 00 - DEWEY DECIMAL CLASSIFICATION NUMBER
Classification number 973.923092
-- B
Edition number 22
100 1# - MAIN ENTRY--PERSONAL NAME
Personal name Peters, Charles,
Dates associated with a name 1926-
245 10 - TITLE STATEMENT
Title Lyndon B. Johnson /
Statement of responsibility, etc Charles Peters.
250 ## - EDITION STATEMENT
Edition statement 1st ed.
260 ## - PUBLICATION, DISTRIBUTION, ETC. (IMPRINT)
Place of publication, distribution, etc New York :
Name of publisher, distributor, etc Times Books,
Date of publication, distribution, etc c2010.
300 ## - PHYSICAL DESCRIPTION
Extent xviii, 199 p. ;
Dimensions 22 cm.
490 0# - SERIES STATEMENT
Series statement The American presidents
504 ## - BIBLIOGRAPHY, ETC. NOTE
Bibliography, etc Includes bibliographical references (p. [177]-181) and index.
505 0# - FORMATTED CONTENTS NOTE
Formatted contents note Early life -- Mr. Johnson comes to Washington -- Trying for the Senate -- The art of the possible -- Running second -- A winning year -- The great society -- Escalation -- A cultural revolution -- Going home.
600 10 - SUBJECT ADDED ENTRY--PERSONAL NAME
Personal name Johnson, Lyndon B.
Fuller form of name (Lyndon Baines),
Dates associated with a name 1908-1973.
650 #0 - SUBJECT ADDED ENTRY--TOPICAL TERM
Topical term or geographic name as entry element Presidents
Geographic subdivision United States
Form subdivision Biography.
651 #0 - SUBJECT ADDED ENTRY--GEOGRAPHIC NAME
Geographic name United States
General subdivision Politics and government
Chronological subdivision 1945-1989.
906 ## - LOCAL DATA ELEMENT F, LDF (RLIN)
a 7
b cbc
c orignew
d 1
e ecip
f 20
g y-gencatlg
942 ## - ADDED ENTRY ELEMENTS (KOHA)
Source of classification or shelving scheme Library of Congress Classification
Koha item type Long Loan Books
Holdings
Withdrawn status Lost status Source of classification or shelving scheme Damaged status Not for loan Home library Current library Shelving location Date acquired Total Checkouts Full call number Barcode Date last seen Date checked out Price effective from Koha item type
    Library of Congress Classification     Rongo University Library Rongo University Library General Stacks 09/10/2015 1 E847 .P48 2010 20154044 13/04/2017 03/04/2017 09/10/2015 Long Loan Books

© 2026 Rongo University
Contact us: librarian | system librarian | Rongo university